[Event "Wellington op"]
[Site "Wellington"]
[Date "2022.04.17"]
[Round "5"]
[White "Ashton, Matthew"]
[Black "Rossiter, Philip E"]
[Result "1-0"]
[WhiteElo "1794"]
[BlackElo "1662"]
[PlyCount "135"]
[EventDate "2022.04.15"]
[EventType "swiss"]
[EventRounds "6"]
[EventCountry "NZL"]
[SourceTitle "EXT 2024"]
[Source "ChessBase"]
[SourceDate "2023.10.10"]
[SourceVersion "1"]
[SourceVersionDate "2023.10.10"]
[SourceQuality "1"]

1. e4 d5 2. exd5 Nf6 3. Nf3 Nxd5 4. c4 Nb6 5. d4 Bg4 6. Be3 e6 7. Be2 Nc6 8. Nbd2 Be7 9. 0-0 0-0 10. h3 Bh5 11. a3 a5 12. Rc1 a4 13. Ne4 Bxf3 14. Bxf3 Nd7 15. Qc2 Nf6 16. Rfd1 h6 17. Nxf6+ Bxf6 18. d5 exd5 19. Rxd5 Qe7 20. Bc5 Qe8 21. Bxf8 Qxf8 22. Rcd1 Ne5 23. Be2 c6 24. R5d4 Re8 25. Re4 Rd8 26. Qxa4 Nd7 27. Qb4 Nc5 28. Rxd8 Bxd8 29. Rd4 Bc7 30. Rd1 Qe7 31. Bf3 Qe5 32. g3 b6 33. Qe1 Qg5 34. Qe8+ Kh7 35. Be4+ f5 36. Bxc6 Bxg3 37. fxg3 Qxg3+ 38. Bg2 Ne4 39. Qd8 Nf2 40. Kf1 Nxd1 41. Qxd1 Qf4+ 42. Qf3 Qxc4+ 43. Qe2 Qc1+ 44. Kf2 Qf4+ 45. Kg1 Qc1+ 46. Bf1 Qc5+ 47. Kh1 Qd5+ 48. Bg2 Qd4 49. Qc2 Qe5 50. Qf2 b5 51. Qf1 g6 52. Qd1 h5 53. b4 f4 54. Qf1 Qe3 55. Qf3 Qc1+ 56. Kh2 Kh6 57. Qc6 Qxa3 58. Qxb5 Qg3+ 59. Kg1 Qe1+ 60. Bf1 Qg3+ 61. Kh1 Qe1 62. Qc4 Qg3 63. Qd3 Qe1 64. b5 Qb4 65. Qc4 Qd6 66. Qe4 Kg7 67. Bd3 g5 68. Qg6+ 1-0

[Event "North Island-ch"]
[Site "Wellington"]
[Date "2021.04.03"]
[Round "4"]
[White "Dharmasena, Kian"]
[Black "Rossiter, Philip E"]
[Result "1/2-1/2"]
[WhiteElo "1545"]
[BlackElo "1686"]
[PlyCount "72"]
[EventDate "2021.04.02"]
[EventType "swiss"]
[EventRounds "8"]
[EventCountry "NZL"]
[SourceTitle "EXT 2024"]
[Source "ChessBase"]
[SourceDate "2023.10.10"]
[SourceVersion "1"]
[SourceVersionDate "2023.10.10"]
[SourceQuality "1"]

1. e4 d5 2. exd5 Nf6 3. d4 Bg4 4. Be2 Bxe2 5. Nxe2 Nxd5 6. c4 Nb6 7. 0-0 e6 8. b3 Be7 9. Bb2 0-0 10. Nf4 N8d7 11. Qf3 c6 12. Re1 Nf6 13. Nd2 Nbd7 14. Nf1 Re8 15. Ng3 Qc7 16. Nfh5 Nxh5 17. Nxh5 Nf6 18. d5 Nxh5 19. Qxh5 g6 20. Qh6 Bf8 21. Qh4 Bg7 22. Bxg7 Kxg7 23. dxe6 fxe6 24. Re3 Rad8 25. Rh3 Kg8 26. Qg5 Rf8 27. Re3 Rf5 28. Qg3 Qxg3 29. hxg3 Rd2 30. f3 Kf7 31. b4 e5 32. g4 Rg5 33. Rae1 Rxa2 34. Rxe5 Rxe5 35. Rxe5 Ra4 36. Ra5 Rxb4 1/2-1/2

[Event "North Island-ch"]
[Site "Wellington"]
[Date "2021.04.02"]
[Round "2"]
[White "Ha, Huy Minh"]
[Black "Rossiter, Philip E"]
[Result "1-0"]
[WhiteElo "1715"]
[BlackElo "1686"]
[PlyCount "75"]
[EventDate "2021.04.02"]
[EventType "swiss"]
[EventRounds "8"]
[EventCountry "NZL"]
[SourceTitle "EXT 2024"]
[Source "ChessBase"]
[SourceDate "2023.10.10"]
[SourceVersion "1"]
[SourceVersionDate "2023.10.10"]
[SourceQuality "1"]

1. Nf3 Nf6 2. g3 b6 3. Bg2 Bb7 4. 0-0 e6 5. d4 Be7 6. c4 0-0 7. Nc3 Ne4 8. d5 Nxc3 9. bxc3 d6 10. Qd3 e5 11. e4 Nd7 12. Be3 Nc5 13. Qc2 Qd7 14. Nd2 c6 15. f4 exf4 16. gxf4 Rae8 17. Bd4 cxd5 18. cxd5 f5 19. Bxc5 bxc5 20. Bh3 g6 21. c4 Bc8 22. e5 dxe5 23. fxe5 Bg5 24. Nf3 Be3+ 25. Kh1 Qg7 26. e6 f4 27. Rab1 Qh6 28. Bg4 Qg7 29. Qb2 Ba6 30. Qxg7+ Kxg7 31. Ne5 h5 32. Be2 g5 33. Bxh5 Rf5 34. Bxe8 Rxe5 35. Bb5 Bxb5 36. Rxb5 g4 37. Rb7+ Kg6 38. e7 1-0

[Event "NZL-ch Major op"]
[Site "Palmerston North"]
[Date "2021.01.06"]
[Round "5"]
[White "Rossiter, Philip E"]
[Black "Chang, Yolanda"]
[Result "0-1"]
[WhiteElo "1721"]
[BlackElo "1290"]
[PlyCount "30"]
[EventDate "2021.01.02"]
[EventType "swiss"]
[EventRounds "9"]
[EventCountry "NZL"]
[SourceTitle "EXT 2024"]
[Source "ChessBase"]
[SourceDate "2023.10.10"]
[SourceVersion "1"]
[SourceVersionDate "2023.10.10"]
[SourceQuality "1"]

1. c4 c5 2. Nc3 Nc6 3. Nf3 Nf6 4. g3 g6 5. Bg2 Bg7 6. 0-0 0-0 7. d4 d6 8. d5 Na5 9. Qd3 Rb8 10. e4 a6 11. Nd2 Bd7 12. Re1 b5 13. Rb1 bxc4 14. Qe2 Ng4 15. Nxc4 Bxc3 0-1

[Event "NZL-ch Major op"]
[Site "Palmerston North"]
[Date "2021.01.04"]
[Round "3"]
[White "Rossiter, Philip E"]
[Black "Zara, Baraa"]
[Result "1/2-1/2"]
[WhiteElo "1721"]
[BlackElo "1340"]
[PlyCount "42"]
[EventDate "2021.01.02"]
[EventType "swiss"]
[EventRounds "9"]
[EventCountry "NZL"]
[SourceTitle "EXT 2024"]
[Source "ChessBase"]
[SourceDate "2023.10.10"]
[SourceVersion "1"]
[SourceVersionDate "2023.10.10"]
[SourceQuality "1"]

1. c4 e6 2. Nc3 b6 3. Nf3 Bb4 4. Qc2 Nf6 5. a3 Bxc3 6. Qxc3 Bb7 7. g3 0-0 8. Bg2 d5 9. cxd5 Nxd5 10. Qc2 c5 11. 0-0 Nd7 12. b3 Rc8 13. Bb2 f6 14. Rac1 Ba6 15. d3 b5 16. Qd1 N7b6 17. Nd2 c4 18. bxc4 bxc4 19. dxc4 Nxc4 20. Nxc4 Rxc4 21. Qd2 Nb6 1/2-1/2

[Event "North Island-ch"]
[Site "Wellington"]
[Date "2019.04.22"]
[Round "7"]
[White "Zhang, Kendrick Botong"]
[Black "Rossiter, Philip E"]
[Result "0-1"]
[WhiteElo "1362"]
[BlackElo "1768"]
[PlyCount "80"]
[EventDate "2019.04.19"]
[EventType "swiss"]
[EventRounds "8"]
[EventCountry "NZL"]
[SourceTitle "EXT 2020"]
[Source "ChessBase"]
[SourceDate "2019.10.17"]
[SourceVersion "1"]
[SourceVersionDate "2019.10.17"]
[SourceQuality "1"]

1. e4 e6 2. d4 d5 3. Nc3 Nf6 4. e5 Nfd7 5. f4 c5 6. Nf3 Nc6 7. Be3 a6 8. Be2 Be7 9. a4 Qc7 10. 0-0 0-0 11. Qe1 Na5 12. g4 cxd4 13. Bxd4 Nc4 14. b3 Na5 15. Kh1 Bc5 16. Bd3 Bxd4 17. Nxd4 Nc6 18. Qh4 g6 19. Nce2 Nc5 20. Rf3 Qe7 21. g5 h5 22. Nxc6 bxc6 23. Nd4 Bd7 24. Rd1 Nxd3 25. Rdxd3 c5 26. Ne2 Rab8 27. Rh3 Kg7 28. Rd2 d4 29. Kg1 Bc6 30. Qg3 Be4 31. Qe1 Bf5 32. Rh4 Rfd8 33. Ng3 d3 34. Nxf5+ exf5 35. Qc1 c4 36. bxc4 Qc5+ 37. Kg2 Qxc4 38. Qd1 Qe4+ 39. Kf2 Qd4+ 40. Kf1 dxc2 0-1

[Event "NZL-ch op 124th"]
[Site "Wellington"]
[Date "2017.01.04"]
[Round "4"]
[White "Lu, Lillian"]
[Black "Rossiter, Philip E"]
[Result "1-0"]
[WhiteElo "1710"]
[BlackElo "1767"]
[PlyCount "63"]
[EventDate "2017.01.01"]
[EventType "swiss"]
[EventRounds "9"]
[EventCountry "NZL"]
[SourceTitle "CBM 176 Extra"]
[Source "ChessBase"]
[SourceDate "2017.03.02"]
[SourceVersion "1"]
[SourceVersionDate "2017.03.02"]
[SourceQuality "1"]

1. e4 b6 2. d4 Bb7 3. Bd3 e6 4. Nf3 c5 5. c3 Nf6 6. Qe2 Be7 7. 0-0 Nc6 8. a3 Na5 9. Nbd2 c4 10. Bc2 Qc7 11. Re1 d6 12. Nf1 Qc6 13. Bf4 Nd7 14. Rad1 0-0-0 15. d5 Qc7 16. dxe6 fxe6 17. Nd4 Nc5 18. Qg4 Qd7 19. Nf3 Nc6 20. Ne3 Nd3 21. Bxd3 cxd3 22. Rxd3 Na5 23. Ne5 h5 24. Qh3 Qb5 25. Qxe6+ Kb8 26. c4 Qxb2 27. Qxe7 Rhe8 28. Nd7+ Ka8 29. Qxd6 Bxe4 30. Rdd1 Bc6 31. Rb1 Qc3 32. Rec1 1-0

[Event "Wellington CC-chB"]
[Site "Wellington"]
[Date "2016.11.17"]
[Round "11"]
[White "Rossiter, Philip E"]
[Black "Coghini, Phillip G"]
[Result "1-0"]
[WhiteElo "1897"]
[BlackElo "1872"]
[PlyCount "60"]
[EventDate "2016.09.08"]
[EventType "tourn"]
[EventRounds "11"]
[EventCountry "NZL"]
[SourceTitle "EXT 2018"]
[Source "ChessBase"]
[SourceDate "2017.10.13"]
[SourceVersion "1"]
[SourceVersionDate "2017.10.13"]
[SourceQuality "1"]

1. Nf3 Nf6 2. c4 g6 3. Nc3 d5 4. cxd5 Nxd5 5. d4 Nxc3 6. bxc3 Bg7 7. e4 c5 8. Be3 Nc6 9. Qd2 Qa5 10. Rd1 Bg4 11. Be2 Rd8 12. 0-0 Bxf3 13. Bxf3 cxd4 14. cxd4 Qxd2 15. Rxd2 Nxd4 16. Bxd4 Bxd4 17. Rb1 b6 18. e5 0-0 19. Rbd1 Bxf2+ 20. Kxf2 Rxd2+ 21. Rxd2 Rc8 22. Ke3 Rc5 23. Kd4 e6 24. Be4 Ra5 25. Rc2 Ra4+ 26. Ke3 Ra5 27. Kf4 g5+ 28. Kxg5 Rxe5+ 29. Kf6 Rc5 30. Rxc5 bxc5 1-0

[Event "Wellington CC-chB"]
[Site "Wellington"]
[Date "2016.10.20"]
[Round "7"]
[White "Rossiter, Philip E"]
[Black "Sellen, Ian"]
[Result "0-1"]
[WhiteElo "1897"]
[BlackElo "2064"]
[PlyCount "82"]
[EventDate "2016.09.08"]
[EventType "tourn"]
[EventRounds "11"]
[EventCountry "NZL"]
[SourceTitle "EXT 2018"]
[Source "ChessBase"]
[SourceDate "2017.10.13"]
[SourceVersion "1"]
[SourceVersionDate "2017.10.13"]
[SourceQuality "1"]

1. c4 e6 2. d4 d5 3. Nc3 Nf6 4. Bg5 Be7 5. e3 h6 6. Bh4 0-0 7. Bd3 b6 8. Nf3 Nbd7 9. 0-0 Bb7 10. Rc1 c5 11. Qe2 Ne4 12. Bxe7 Nxc3 13. bxc3 Qxe7 14. cxd5 exd5 15. Bb1 a5 16. Qc2 g6 17. Rfe1 Qf6 18. Qd2 Kg7 19. e4 dxe4 20. Bxe4 Bxe4 21. Rxe4 Rae8 22. Qe3 Rxe4 23. Qxe4 Qd6 24. g3 Nf6 25. Qd3 Rc8 26. Rb1 c4 27. Qc2 Qd5 28. Ne5 b5 29. f4 b4 30. cxb4 Qxd4+ 31. Qf2 Qxf2+ 32. Kxf2 axb4 33. Rxb4 c3 34. Rb1 Ra8 35. Rc1 Rxa2+ 36. Kf3 Nd5 37. Ke4 Rd2 38. Nc4 f5+ 39. Ke5 Rd3 40. Na3 Nb4 41. Nb1 c2 0-1

[Event "Wellington CC-chB"]
[Site "Wellington"]
[Date "2016.09.29"]
[Round "4"]
[White "Rossiter, Philip E"]
[Black "Kulkarni, Yogesh"]
[Result "1-0"]
[WhiteElo "1897"]
[BlackElo "2036"]
[PlyCount "31"]
[EventDate "2016.09.08"]
[EventType "tourn"]
[EventRounds "11"]
[EventCountry "NZL"]
[SourceTitle "EXT 2018"]
[Source "ChessBase"]
[SourceDate "2017.10.13"]
[SourceVersion "1"]
[SourceVersionDate "2017.10.13"]
[SourceQuality "1"]

1. c4 e5 2. Nc3 f5 3. Nf3 Nc6 4. d3 Nf6 5. g3 b6 6. Bg2 Rb8 7. 0-0 Bb7 8. a3 Be7 9. b4 d6 10. Qb3 Nd4 11. Nxd4 exd4 12. Nd5 Nxd5 13. cxd5 0-0 14. Bb2 Bf6 15. Rac1 c5 16. dxc6+ 1-0

[Event "Wellington CC-chB"]
[Site "Wellington"]
[Date "2015.11.19"]
[Round "9"]
[White "Rossiter, Philip E"]
[Black "Farrington, Lawrence B"]
[Result "0-1"]
[WhiteElo "1886"]
[BlackElo "1829"]
[PlyCount "112"]
[EventDate "2015.09.24"]
[EventType "tourn"]
[EventRounds "9"]
[EventCountry "NZL"]
[SourceTitle "EXT 2018"]
[Source "ChessBase"]
[SourceDate "2017.10.13"]
[SourceVersion "1"]
[SourceVersionDate "2017.10.13"]
[SourceQuality "1"]

1. Nf3 Nf6 2. c4 Nc6 3. Nc3 e5 4. g3 d5 5. cxd5 Nxd5 6. Bg2 Nb6 7. d3 Be7 8. a3 0-0 9. b4 Be6 10. Bb2 a5 11. b5 Nd4 12. Nxe5 Bf6 13. Nf3 Bb3 14. Qc1 Nc2+ 15. Kf1 Nxa1 16. Qxa1 c6 17. Ne4 Bxb2 18. Qxb2 Bd5 19. Nc3 Qc7 20. Nh4 Bxg2+ 21. Kxg2 f5 22. Rc1 Rac8 23. Nf3 h6 24. Nd4 Qe5 25. Qb3+ Kh7 26. e3 Nd5 27. Nf3 Qd6 28. bxc6 bxc6 29. Ne2 c5 30. Qb5 Qb6 31. Qc4 Nf6 32. Nf4 Rfe8 33. Nd5 Nxd5 34. Qxd5 Rf8 35. Rc4 Qc6 36. Qe5 Qc7 37. Qc3 Qd8 38. Rxc5 Rxc5 39. Qxc5 Rf6 40. d4 Qb6 41. Qe5 a4 42. Nh4 Qe6 43. Qxe6 Rxe6 44. Nxf5 Rb6 45. d5 Kg6 46. e4 Rb3 47. Nd4 Rxa3 48. Nb5 Rd3 49. d6 Kf6 50. f4 g6 51. e5+ Ke6 52. Nc7+ Kd7 53. Na6 Rd2+ 54. Kf3 a3 55. Nc5+ Kd8 56. Ke3 Rc2 0-1

[Event "Wellington CC Summer Cup"]
[Site "Wellington"]
[Date "2015.04.09"]
[Round "8"]
[White "Wight, Joshua"]
[Black "Rossiter, Philip E"]
[Result "0-1"]
[WhiteElo "1328"]
[BlackElo "1935"]
[PlyCount "62"]
[EventDate "2015.02.05"]
[EventType "swiss"]
[EventRounds "8"]
[EventCountry "NZL"]
[SourceTitle "EXT 2018"]
[Source "ChessBase"]
[SourceDate "2017.10.13"]
[SourceVersion "1"]
[SourceVersionDate "2017.10.13"]
[SourceQuality "1"]

1. e4 Nf6 2. Nc3 d5 3. exd5 e6 4. dxe6 Bxe6 5. Be2 Bb4 6. Nf3 Nc6 7. 0-0 Qd7 8. Bb5 0-0 9. Ne2 Bg4 10. Bxc6 Qxc6 11. Ne5 Qe6 12. Nxg4 Qxg4 13. c3 Bd6 14. Ng3 Qg6 15. Qf3 c6 16. Qf5 Bxg3 17. Qxg6 Bxh2+ 18. Kxh2 hxg6 19. Re1 Rfe8 20. Rh1 Ng4+ 21. Kg3 f5 22. d4 Re2 23. f3 Nf6 24. Rb1 Kf7 25. Bg5 Nh5+ 26. Kh3 Rh8 27. Rhe1 Nf6+ 28. Kg3 f4+ 29. Kxf4 Nh5+ 30. Kg4 Rxg2+ 31. Kh3 Nf4# 0-1

[Event "Wellington Easter op"]
[Site "Wellington"]
[Date "2015.04.04"]
[Round "4"]
[White "Stracy, Don M"]
[Black "Rossiter, Philip E"]
[Result "0-1"]
[WhiteElo "1684"]
[BlackElo "1772"]
[PlyCount "66"]
[EventDate "2015.04.03"]
[EventType "swiss"]
[EventRounds "6"]
[EventCountry "NZL"]
[SourceTitle "EXT 2018"]
[Source "ChessBase"]
[SourceDate "2017.10.13"]
[SourceVersion "1"]
[SourceVersionDate "2017.10.13"]
[SourceQuality "1"]

1. e4 Nf6 2. e5 Nd5 3. d4 d6 4. Nf3 Nc6 5. Be2 Bg4 6. c4 Nb6 7. exd6 exd6 8. 0-0 Be7 9. Nc3 0-0 10. b3 Bf6 11. Be3 Re8 12. Rb1 Ne7 13. Re1 Nf5 14. Qd2 Nxe3 15. fxe3 c5 16. h3 Bh5 17. Rbd1 Qe7 18. g4 Bg6 19. Bd3 Bxd3 20. Qxd3 g6 21. a4 a5 22. Kg2 Rad8 23. Re2 Qd7 24. Ne4 Qe7 25. Nxf6+ Qxf6 26. Rde1 d5 27. cxd5 Nxd5 28. Ne5 cxd4 29. Nxf7 Qxf7 30. Rf1 Qe6 31. e4 Ne3+ 32. Rxe3 dxe3 33. Qxe3 Qxe4+ 0-1